| 000 | 00492cam a2200181ua 4500 | ||
|---|---|---|---|
| 003 | OSt | ||
| 008 | 240216b |||||||| |||| 00| 0 eng d | ||
| 020 | _a0 7923 0518 3 | ||
| 041 | _aeng | ||
| 082 |
_a636.0896 _bVAR/IM |
||
| 100 |
_aVander Zijpp, A J . _96058 |
||
| 245 | _aImproving genetic disease resistance in farm animals / | ||
| 260 |
_aLondon : _bKluwer Academic Publishers , _c1988. |
||
| 300 | _a188 ; . | ||
| 500 | _aVol. 52 | ||
| 700 | 1 |
_aSybesma , W . _96059 |
|
| 942 | _cBK | ||
| 999 |
_c5697 _d5697 |
||